LEADER 00917nam1 2200253 450 001 000015863 005 20080908120741.0 100 $a20080908d--------km-y0itay50------ba 101 0 $aita 102 $aIT 105 $ay-------001yy 200 1 $a<>sistemazione delle acque e dei terreni 210 $aFirenze$cBarbera 215 $av.$d24 cm 225 2 $aBiblioteca della bonifica integrale$v0005 410 0$12001$aBiblioteca della bonifica integrale$v0005 463 \1$1001000015865$12001 $a<>sistemazioni di un bacino idrografico in generale 463 \1$1001000015867$12001 $a<>sistemazioni idraulico-forestali 610 1 $aItalia$aBonifica$aStoria 676 $a631.6$v20$9Colture e loro produzione. Bonifica e drenaggio del suolo 801 0$aIT$bUNIPARTHENOPE$c20080908$gRICA$2UNIMARC 912 $a000015863 996 $aSistemazione delle acque e dei terreni$9101942 997 $aUNIPARTHENOPE LEADER 00877nam2 2200265 450 001 9910312239903321 005 20220831111554.0 100 $a20190326d1975----km y0itay50 ba 101 0 $amul 102 $aUS 105 $aa 001yy 200 1 $a<<1.: >>Europe$fpar P. Jean-Baptiste Frey$gprolegomenon by Baruch Lifshitz 210 $aNew York$cKtav Publishing House$d1975 215 $ap. 678$cill.$d24 cm 461 0$1001990005272970403321$12001$aCorpus of Jewish inscriptions$eJewish inscriptions from the third century B.C. to the seventh century A.D.$v1 676 $a492.4$v22$zita 700 1$aFrey,$bP. Jean-Baptiste$0397172 702 1$aLifshitz,$bBaruch 801 0$aIT$bUNINA$gRICA$2UNIMARC 901 $aBK 912 $a9910312239903321 952 $aST.REL. 15-A 40$bST.REL. 1872$fFLFBC 959 $aFLFBC 996 $aEurope$91548893 997 $aUNINA